Kisah pelayaran Abdullah : (Record no. 154983)

MARC details
000 -LEADER
fixed length control field 00820nam a2200289 i 4500
001 - CONTROL NUMBER
control field C2-0172079
003 - CONTROL NUMBER IDENTIFIER
control field PPAK
005 - DATE AND TIME OF LATEST TRANSACTION
control field 20180728094026.0
008 - FIXED-LENGTH DATA ELEMENTS--GENERAL INFORMATION
fixed length control field 980823s1964 my |||| ||||| | may d
040 ## - CATALOGING SOURCE
Original cataloging agency PPAK
Language of cataloging eng
Transcribing agency PPAK
Description conventions rda
082 04 - DEWEY DECIMAL CLASSIFICATION NUMBER
Classification number 398.22
Edition number 23
090 00 - LOCALLY ASSIGNED LC-TYPE CALL NUMBER (OCLC); LOCAL CALL NUMBER (RLIN)
Classification number (OCLC) (R) ; Classification number, CALL (RLIN) (NR) 398.22
Feature heading KIS
Feature heading KAH
Classification number (OCLC) (R) ; Classification number, CALL (RLIN) (NR) 398.22
Feature heading KIS
Feature heading KAM
Classification number (OCLC) (R) ; Classification number, CALL (RLIN) (NR) 398.22
Feature heading KIS
Feature heading KAR
Classification number (OCLC) (R) ; Classification number, CALL (RLIN) (NR) 398.22
Feature heading KIS
Feature heading KIH
Classification number (OCLC) (R) ; Classification number, CALL (RLIN) (NR) 398.22
Feature heading KIS
Feature heading KSA
Classification number (OCLC) (R) ; Classification number, CALL (RLIN) (NR) 398.22
Feature heading KIS
Feature heading KSI
245 00 - TITLE STATEMENT
Title Kisah pelayaran Abdullah :
Remainder of title ka-Kelantan dan ka-Judah
264 #1 - PRODUCTION, PUBLICATION, DISTRIBUTION, MANUFACTURE, AND COPYRIGHT NOTICE
Place of production, publication, distribution, manufacture Kuala Lumpur :
Name of producer, publisher, distributor, manufacturer Oxford University Press ,
Date of production, publication, distribution, manufacture, or copyright notice 1964
300 ## - PHYSICAL DESCRIPTION
Extent 185 pages ;
Dimensions 18 cm
336 ## - CONTENT TYPE
Source rdacontent
Content type term text
337 ## - MEDIA TYPE
Source rdamedia
Media type term unmediated
338 ## - CARRIER TYPE
Source rdacarrier
Carrier type term volume
650 10 - SUBJECT ADDED ENTRY--TOPICAL TERM
Topical term or geographic name entry element Folk literature, Malay
700 0# - ADDED ENTRY--PERSONAL NAME
Personal name Kassim Ahmad,
Relator term compile
942 ## - ADDED ENTRY ELEMENTS (KOHA)
-- dc
Koha item type Book
Holdings
Withdrawn Not for loan Current library Shelving location Date acquired Full call number Barcode Date last seen Koha item type
  Not For Loan Perpustakaan Alor Setar Koleksi Salleh Ibrahim 01/12/2003 KSI 398.22 KIS A00212290 01/06/2018 Book
  Not For Loan Perpustakaan Alor Setar Koleksi Ismail Hussein 23/08/1998 KIH 398.22 KIS A00175873 01/06/2018 Book
  Not For Loan Perpustakaan Alor Setar Koleksi Abdullah Hussein 29/01/2000 KAH 398.22 KIS A00205861 01/06/2018 Book
  Not For Loan Perpustakaan Alor Setar Koleksi Ismail Hussein 21/06/2000 KIH 398.22 KIS A00175958 01/06/2018 Book
  Not For Loan Perpustakaan Alor Setar Koleksi S.N. Shahnon Ahmad 23/07/2000 KSA 398.22 KIS A00202906 01/06/2018 Book
  Not For Loan Perpustakaan Alor Setar Koleksi Salleh Ibrahim 14/11/2000 KSI 398.22 KIS A00210855 01/06/2018 Book
  Not For Loan Perpustakaan Baling Koleksi A.Rahmad 05/12/2004 KAR 398.22 KIS A00500352 01/06/2018 Book
  Not For Loan Perpustakaan Kulim Koleksi Ahmad Mokhtar 01/12/2003 KAM 398.22 KIS A00860300 01/06/2018 Book
  Not For Loan Perpustakaan Kulim Koleksi Ahmad Mokhtar 01/12/2003 KAM 398.22 KIS A00860206 01/06/2018 Book